[Event "C.to Regionale Calabria"]
[Site "Catanzaro ITA"]
[Date "2006.06.04"]
[Round "5"]
[White "Prete, Ugo"]
[Black "Calomeni, Gianpaolo"]
[Result "0-1"]
[WhiteElo "1413"]
[BlackElo "1440"]
[PlyCount "86"]
[EventDate "2006.06.02"]

1. d4 d5 2. c4 e6 3. cxd5 exd5 4. Nc3 Nc6 5. Nf3 Nf6 6. Bg5 Be7 7. e3 h6 8. Bf4
Bg4 9. h3 Bh5 10. Be2 Bb4 11. a3 Bxc3+ 12. bxc3 O-O 13. O-O Re8 14. Ne5 Bxe2
15. Nxc6 bxc6 16. Qxe2 Ne4 17. Qc2 Qd7 18. Be5 Re6 19. f3 Ng5 20. f4 Ne4 21. f5
Rf6 22. Bxf6 Nxf6 23. c4 Re8 24. cxd5 Qxd5 25. Qa4 a5 26. Rae1 Ne4 27. Qd1 Qd6
28. a4 Qd5 29. Qg4 Nf6 30. Qg3 Qc4 31. Ra1 Nh5 32. Qxc7 Rxe3 33. Qd8+ Kh7 34.
Qxa5 Qxd4 35. Kh1 Ng3+ 36. Kh2 Qd6 37. Rfd1 Qf4 38. Kg1 Ne2+ 39. Kh1 Qe4 40.
Kh2 Qf4+ 41. Kh1 Rxh3+ 42. gxh3 Qf3+ 43. Kh2 Qg3+ 0-1

[Event "C.to Regionale Calabria"]
[Site "Catanzaro ITA"]
[Date "2006.06.04"]
[Round "5"]
[White "Rizzuti, Pasquale"]
[Black "Condello, Giuseppe"]
[Result "0-1"]
[WhiteElo "1847"]
[BlackElo "1825"]
[PlyCount "108"]
[EventDate "2006.06.02"]

1. Nf3 d5 2. g3 e6 3. Bg2 c5 4. c4 Nf6 5. O-O Nc6 6. e3 Be7 7. b3 O-O 8. Bb2 b6
9. d4 Bb7 10. cxd5 Nxd5 11. dxc5 Bxc5 12. a3 a5 13. Qc1 Rc8 14. Rd1 Qe7 15. Nc3
Na7 16. Qd2 Rfd8 17. Qe2 Nxc3 18. Rxd8+ Rxd8 19. Bxc3 Bxa3 20. Rd1 Rxd1+ 21.
Qxd1 Nb5 22. Ba1 f6 23. Qd3 Bc6 24. Qc4 Bd7 25. Bh3 Kf8 26. Kg2 Nd6 27. Qh4 Kg8
28. Qg4 Nf5 29. Qc4 Nd6 30. Qg4 Kf7 31. Qf4 Kg8 32. Qg4 Nf5 33. Qc4 b5 34. Qc7
a4 35. bxa4 bxa4 36. e4 Bd6 37. Qa5 Bb4 38. Qa8+ Kf7 39. exf5 exf5 40. Nd4 g6
41. Qd5+ Kg7 42. Kf3 a3 43. Bf1 Bd2 44. Bc4 Ba4 45. Ne6+ Kh6 46. Qxd2+ g5 47.
h4 Bc6+ 48. Bd5 Qxe6 49. hxg5+ fxg5 50. Bxc6 Qxc6+ 51. Ke2 Qe4+ 52. Qe3 Qc2+
53. Qd2 Qc4+ 54. Kf3 Qe4# 0-1

[Event "C.to Regionale Calabria"]
[Site "Catanzaro ITA"]
[Date "2006.06.04"]
[Round "5"]
[White "Serratore, Vincenzo"]
[Black "Forlano, Luigi"]
[Result "0-1"]
[WhiteElo "2046"]
[BlackElo "2013"]
[PlyCount "100"]
[EventDate "2006.06.02"]

1. d4 d5 2. Nf3 c6 3. Bf4 Qb6 4. Qc1 Bf5 5. e3 e6 6. Nbd2 Nf6 7. Nh4 Bg6 8.
Nxg6 hxg6 9. h3 c5 10. Bxb8 Rxb8 11. c3 g5 12. Qc2 Rc8 13. Qa4+ Nd7 14. Bb5 Rc7
15. O-O-O a6 16. Bxd7+ Rxd7 17. f3 Kd8 18. Kb1 Qc6 19. Qxc6 bxc6 20. b3 Rb7 21.
Kc2 cxd4 22. exd4 Kd7 23. c4 Be7 24. Rhf1 Bf6 25. f4 gxf4 26. Rxf4 Ke7 27. Rdf1
Rh4 28. g4 Kf8 29. Rh1 Bg5 30. Rf2 Bxd2 31. Rxd2 f6 32. Kc3 g5 33. Re2 Kf7 34.
Re3 Rb8 35. Rhe1 f5 36. gxf5 exf5 37. Rf3 f4 38. Re5 Kf6 39. cxd5 cxd5 40. Rxd5
Rbh8 41. Kb4 Rxh3 42. Rf2 Rh2 43. Rf1 Rxa2 44. Rc1 Rb8+ 45. Kc4 Rc8+ 46. Rc5
Rg8 47. d5 f3 48. Kd4 f2 49. Ke4 Re8+ 50. Kd3 Re1 0-1

[Event "C.to Regionale Calabria"]
[Site "Catanzaro ITA"]
[Date "2006.06.04"]
[Round "5"]
[White "Sgro', Daniele"]
[Black "Paragliola, Gennaro"]
[Result "0-1"]
[WhiteElo "1434"]
[BlackElo "1529"]
[PlyCount "60"]
[EventDate "2006.06.02"]

1. d4 Nf6 2. e3 b6 3. Nf3 Bb7 4. Nbd2 e6 5. c3 d5 6. Bd3 c5 7. dxc5 bxc5 8.
Bb5+ Nbd7 9. O-O Bd6 10. Re1 O-O 11. Bd3 h6 12. e4 dxe4 13. Nxe4 Nxe4 14. Bxe4
Bxe4 15. Rxe4 Qc7 16. Re1 Rfd8 17. Qe2 Nb6 18. g3 Rd7 19. Nh4 Rad8 20. Qg4 Kh8
21. Ng2 Nd5 22. c4 Nb4 23. Re2 Qb7 24. b3 Bf8 25. Ne3 Rd1+ 26. Nf1 Nd3 27. Rd2
Rxd2 28. Bxd2 Ne5 29. Qe2 Nf3+ 30. Kg2 Nd4+ 0-1

[Event "C.to Regionale Calabria"]
[Site "Catanzaro ITA"]
[Date "2006.06.04"]
[Round "5"]
[White "Soluri, Francesco"]
[Black "Bellisario, Carlo"]
[Result "0-1"]
[WhiteElo "1473"]
[BlackElo "1700"]
[PlyCount "68"]
[EventDate "2006.06.02"]

1. d4 d5 2. Nf3 Nf6 3. g3 c6 4. Bg2 e6 5. c3 Be7 6. O-O O-O 7. Re1 Nbd7 8. Bg5
h6 9. Bxf6 Nxf6 10. Nbd2 b5 11. e4 dxe4 12. Nxe4 Nxe4 13. Rxe4 Bb7 14. Qe2 Bf6
15. Rd1 Qc7 16. Ne5 c5 17. Re3 Bxg2 18. Kxg2 Qb7+ 19. Kg1 cxd4 20. Rxd4 Rfd8
21. Red3 Rxd4 22. Rxd4 Qc7 23. f4 Qc5 24. Kg2 b4 25. Rxb4 Rd8 26. Qe4 Bxe5 27.
fxe5 g6 28. Rd4 Rb8 29. Qe3 Qc6+ 30. Kh3 Rxb2 31. Qxh6 Qg2+ 32. Kg4 Qe2+ 33.
Kg5 Qxe5+ 34. Kg4 Qf5+ 0-1

[Event "C.to Regionale Calabria"]
[Site "Catanzaro ITA"]
[Date "2006.06.04"]
[Round "5"]
[White "Taurino, Fabrizio"]
[Black "Scalise, Sandro"]
[Result "0-1"]
[WhiteElo "1580"]
[BlackElo "1628"]
[PlyCount "64"]
[EventDate "2006.06.02"]

1. d4 Nf6 2. c4 e6 3. Nf3 b6 4. e3 Bb7 5. Be2 Bb4+ 6. Bd2 Bxd2+ 7. Nbxd2 O-O 8.
O-O d6 9. Qc2 c5 10. Rad1 Nc6 11. Nb3 Qc7 12. a3 Rac8 13. d5 exd5 14. cxd5 Ne7
15. Ne1 Nexd5 16. Bf3 Rfe8 17. e4 Nf4 18. e5 Rxe5 19. Bxb7 Qxb7 20. Nf3 Rg5 21.
Kh1 Rxg2 22. Qc3 Ne4 23. Qe3 g5 24. Rde1 Re8 25. Qc1 Qc6 26. Nbd2 Nxf2+ 27.
Rxf2 Rxf2 28. Rxe8+ Qxe8 29. Nxg5 Qc6+ 30. Nde4 h6 31. Kg1 Rg2+ 32. Kf1 Qb5+
0-1

[Event "C.to Regionale Calabria"]
[Site "Catanzaro ITA"]
[Date "2006.06.04"]
[Round "6"]
[White "Bellisario, Carlo"]
[Black "Sgro', Daniele"]
[Result "1-0"]
[WhiteElo "1700"]
[BlackElo "1434"]
[PlyCount "103"]
[EventDate "2006.06.02"]

1. c4 Nf6 2. Nc3 g6 3. g3 Bg7 4. Bg2 d6 5. e3 Bd7 6. Nge2 Nc6 7. O-O O-O 8. d4
Rb8 9. Rb1 Bf5 10. e4 Bg4 11. f3 Bd7 12. b4 a6 13. Be3 b5 14. cxb5 axb5 15. d5
Ne5 16. Nd4 c6 17. dxc6 Nxc6 18. Ncxb5 Nxd4 19. Nxd4 Ra8 20. Qd2 e5 21. Nb3 Bb5
22. Rfc1 d5 23. Rc5 Bc4 24. exd5 Bxd5 25. Bf2 Re8 26. Rd1 Bxb3 27. axb3 Qxd2
28. Rxd2 Ra1+ 29. Bf1 Bf8 30. Rc4 Rb8 31. Bc5 Bxc5+ 32. bxc5 Rxb3 33. c6 Rb8
34. c7 Rc8 35. Rd8+ Rxd8 36. cxd8=Q+ Kg7 37. f4 exf4 38. Rxf4 Rxf1+ 39. Rxf1
Nh5 40. Qe7 Kh6 41. Qf8+ Kg5 42. h4+ Kg4 43. Qxf7 Nxg3 44. Qf4+ Kh5 45. Qxg3 h6
46. Qe5+ g5 47. hxg5 hxg5 48. Kf2 Kh6 49. Rh1+ Kg6 50. Qe6+ Kg7 51. Qe7+ Kg8
52. Rh7 1-0

[Event "C.to Regionale Calabria"]
[Site "Catanzaro ITA"]
[Date "2006.06.04"]
[Round "6"]
[White "Calomeni, Gianpaolo"]
[Black "Zavaglia, Giuseppe"]
[Result "0-1"]
[WhiteElo "1440"]
[BlackElo "1808"]
[PlyCount "48"]
[EventDate "2006.06.02"]

1. e4 c5 2. Nc3 d6 3. Bc4 e6 4. Nf3 Nf6 5. d3 Be7 6. Bg5 a6 7. O-O Qc7 8. Re1
Nbd7 9. Qd2 O-O 10. Bb3 Rd8 11. d4 c4 12. e5 dxe5 13. dxe5 Nxe5 14. Qe2 Nxf3+
15. Qxf3 cxb3 16. axb3 Bd7 17. Bxf6 Bxf6 18. Rad1 Bc6 19. Rxd8+ Rxd8 20. Qh3
Qf4 21. Ne2 Qd2 22. Kf1 h6 23. Qg4 h5 24. Qxh5 Bxg2+ 0-1

[Event "C.to Regionale Calabria"]
[Site "Catanzaro ITA"]
[Date "2006.06.04"]
[Round "6"]
[White "Condello, Giuseppe"]
[Black "Marincolo, Piercarlo"]
[Result "1/2-1/2"]
[WhiteElo "1825"]
[BlackElo "1679"]
[PlyCount "96"]
[EventDate "2006.06.02"]

1. b3 d5 2. Bb2 Nf6 3. e3 Bf5 4. Nf3 e6 5. Be2 Be7 6. O-O Nbd7 7. d3 c6 8. Nbd2
Qc7 9. Rc1 O-O 10. Nh4 Bg6 11. Nxg6 fxg6 12. c4 Bd6 13. Nf3 Ng4 14. h3 Nh2 15.
Nxh2 Bxh2+ 16. Kh1 Bd6 17. cxd5 exd5 18. Bf3 Qd8 19. e4 dxe4 20. dxe4 Qe7 21.
Be2 Rf4 22. Bd3 Raf8 23. f3 Ne5 24. Bb1 Bb8 25. Rc2 Qh4 26. Qe1 Nxf3 27. gxf3
Qxh3+ 28. Rh2 Rxf3 29. Rxh3 Rxf1+ 30. Qxf1 Rxf1+ 31. Kg2 Rxb1 32. Ba3 Ra1 33.
Bb4 Rxa2+ 34. Kf1 Be5 35. Rf3 h5 36. Rf8+ Kh7 37. Re8 Bd4 38. e5 h4 39. e6 h3
40. e7 h2 41. Rh8+ Kxh8 42. e8=Q+ Kh7 43. Qe4 Ra1+ 44. Be1 Bc3 45. Qh4+ Kg8 46.
Qd8+ Kh7 47. Qh4+ Kg8 48. Qd8+ Kh7 1/2-1/2

[Event "C.to Regionale Calabria"]
[Site "Catanzaro ITA"]
[Date "2006.06.04"]
[Round "6"]
[White "Familari, Giuseppe"]
[Black "Abatino, Maurizio"]
[Result "0-1"]
[WhiteElo "1600"]
[BlackElo "2205"]
[PlyCount "94"]
[EventDate "2006.06.02"]

1. d4 Nf6 2. Nf3 b6 3. e3 Bb7 4. Bd3 e6 5. Nbd2 c5 6. c3 cxd4 7. exd4 Be7 8.
O-O O-O 9. Qe2 d6 10. Re1 Nbd7 11. a3 Qc7 12. Nf1 Rfe8 13. Ng3 Rac8 14. Bd2 Bd5
15. Bf4 Bc4 16. Bxc4 Qxc4 17. Qxc4 Rxc4 18. Nd2 Rc6 19. Nde4 Kf8 20. f3 Rec8
21. Re2 a6 22. Rae1 Nd5 23. Bc1 b5 24. Bd2 N7b6 25. Kf2 Na4 26. Bg5 a5 27.
Bxe7+ Nxe7 28. Nh5 Nd5 29. g3 Nab6 30. Nf4 Nxf4 31. gxf4 Nd5 32. Kg3 h6 33. h4
Rd8 34. Rc1 Ne7 35. b4 axb4 36. axb4 Nf5+ 37. Kh3 Nxd4 38. Re3 Nf5 39. Rd3 Ra8
40. Rc2 Ke7 41. Ng3 Nxg3 42. Kxg3 d5 43. f5 Ra3 44. fxe6 fxe6 45. Kf4 Kf6 46.
Re3 Rc4+ 47. Kg3 d4 0-1

[Event "C.to Regionale Calabria"]
[Site "Catanzaro ITA"]
[Date "2006.06.04"]
[Round "6"]
[White "Fittante, Enrico"]
[Black "Mercuri, Delia"]
[Result "1-0"]
[WhiteElo "1437"]
[BlackElo "1433"]
[PlyCount "103"]
[EventDate "2006.06.02"]

1. e4 c5 2. Nf3 d6 3. Bc4 e6 4. a3 a6 5. d3 Nc6 6. Be3 b5 7. Ba2 h6 8. Nbd2 e5
9. h3 Be7 10. O-O Nf6 11. Nh2 O-O 12. f4 Be6 13. f5 Bxa2 14. Rxa2 d5 15. Ndf3
dxe4 16. dxe4 Qxd1 17. Rxd1 Nxe4 18. g4 Rfd8 19. Raa1 f6 20. Nd2 Nxd2 21. Bxd2
Rd7 22. Bc3 Rad8 23. Rxd7 Rxd7 24. Nf3 a5 25. b3 b4 26. axb4 cxb4 27. Be1 Bc5+
28. Bf2 Bxf2+ 29. Kxf2 e4 30. Ne1 Re7 31. Ke3 Kf7 32. Rd1 g6 33. fxg6+ Kxg6 34.
Ng2 Kg5 35. Rd6 Nb8 36. Rd8 Kg6 37. Rxb8 Rc7 38. Nf4+ Kf7 39. Ra8 Rc5 40. Ra7+
Kg8 41. Kxe4 Rxc2 42. Rxa5 Rc1 43. Kf5 Rf1 44. Kg6 Kf8 45. Ra8+ Ke7 46. Nd5+
Ke6 47. Nxb4 Rf3 48. Ra6+ Kd7 49. Nd5 Rxb3 50. Nxf6+ Kc7 51. h4 Kb7 52. Re6 1-0

[Event "C.to Regionale Calabria"]
[Site "Catanzaro ITA"]
[Date "2006.06.04"]
[Round "6"]
[White "Forlano, Luigi"]
[Black "Cordi', Domenico"]
[Result "1/2-1/2"]
[WhiteElo "2013"]
[BlackElo "2065"]
[PlyCount "58"]
[EventDate "2006.06.02"]

1. c4 Nf6 2. g3 d5 3. cxd5 Nxd5 4. Bg2 c6 5. Nf3 g6 6. O-O Bg7 7. d4 O-O 8. e4
Nc7 9. h3 Nd7 10. Nc3 e5 11. Be3 Qe7 12. d5 Ne8 13. Qd2 Nd6 14. b3 f5 15. dxc6
bxc6 16. Rfd1 fxe4 17. Ng5 Nf5 18. Ngxe4 Nxe3 19. Qxe3 Nb6 20. Rd6 Bb7 21. Rad1
Nd5 22. Nxd5 cxd5 23. Qg5 Qf7 24. Qd2 Qe7 25. Qg5 Qf7 26. Qd2 Qc7 27. Rxd5 Bxd5
28. Qxd5+ Kh8 29. Ng5 Qe7 1/2-1/2

[Event "C.to Regionale Calabria"]
[Site "Catanzaro ITA"]
[Date "2006.06.04"]
[Round "6"]
[White "Luvera', Filippo"]
[Black "Serratore, Vincenzo"]
[Result "1/2-1/2"]
[WhiteElo "1832"]
[BlackElo "2046"]
[PlyCount "79"]
[EventDate "2006.06.02"]

1. e4 e5 2. Nf3 Nc6 3. Nc3 Bc5 4. Nxe5 Bxf2+ 5. Kxf2 Nxe5 6. Be2 Qf6+ 7. Bf3
Ne7 8. Rf1 Nxf3 9. Qxf3 Qd4+ 10. Qe3 Qxe3+ 11. Kxe3 b6 12. d3 d6 13. b3 Bd7 14.
Bb2 O-O 15. Kf2 b5 16. a3 a5 17. Kg1 c5 18. Ne2 f6 19. h3 Be6 20. Kh2 Bf7 21.
g4 Rab8 22. Ng3 c4 23. b4 axb4 24. axb4 Rfc8 25. Rf2 cxd3 26. cxd3 Bb3 27. Nf5
Nxf5 28. gxf5 Rb7 29. Rc1 Rbc7 30. Rxc7 Rxc7 31. Kg3 Kf7 32. Kf4 Rc2 33. Rxc2
Bxc2 34. d4 g5+ 35. fxg6+ hxg6 36. h4 Ke6 37. Bc3 Bb1 38. Bb2 Kf7 39. Bc3 Ke6
40. Be1 1/2-1/2

[Event "C.to Regionale Calabria"]
[Site "Catanzaro ITA"]
[Date "2006.06.04"]
[Round "6"]
[White "Mercurio, Rosario"]
[Black "Zampaglione, Francesco"]
[Result "1-0"]
[WhiteElo "1333"]
[BlackElo "1437"]
[PlyCount "23"]
[EventDate "2006.06.02"]

1. Nf3 d5 2. c4 dxc4 3. Nc3 Bg4 4. e3 e5 5. Qa4+ Nc6 6. Nxe5 Bd7 7. Nxd7 Qxd7
8. Qxc4 O-O-O 9. Qb3 Bb4 10. Rb1 b5 11. Bxb5 Bxc3 12. Ba6# 1-0

[Event "C.to Regionale Calabria"]
[Site "Catanzaro ITA"]
[Date "2006.06.04"]
[Round "6"]
[White "Paragliola, Gennaro"]
[Black "De Rasis, Giovanni"]
[Result "0-1"]
[WhiteElo "1529"]
[BlackElo "1476"]
[PlyCount "68"]
[EventDate "2006.06.02"]

1. d4 d5 2. c4 e6 3. Nc3 Nf6 4. Bg5 Nbd7 5. e3 Be7 6. Nf3 O-O 7. Bd3 dxc4 8.
Bxc4 c6 9. Qc2 b5 10. Bd3 h6 11. Bh4 Qa5 12. O-O Bb7 13. Rfc1 Rac8 14. Qe2 a6
15. Rc2 c5 16. dxc5 Nxc5 17. h3 b4 18. Nd1 Rfd8 19. Bc4 b3 20. Rcc1 Bxf3 21.
Qxf3 Nd3 22. Rc3 Rxc4 23. Rxc4 Qe1+ 24. Kh2 Ne5 25. Qf4 Nxc4 26. Qxc4 Rxd1 27.
Qc8+ Kh7 28. Rxd1 Qxd1 29. a4 Bd6+ 30. f4 g5 31. Bg3 Ne4 32. Qd7 Kg7 33. Qb7
Nd2 34. Qxa6 Nf1+ 0-1

[Event "C.to Regionale Calabria"]
[Site "Catanzaro ITA"]
[Date "2006.06.04"]
[Round "6"]
[White "Piccoli, Vincenzo"]
[Black "Alo', Lucio"]
[Result "1-0"]
[WhiteElo "1667"]
[BlackElo "1628"]
[PlyCount "85"]
[EventDate "2006.06.02"]

1. d4 d5 2. c4 dxc4 3. e4 e6 4. Bxc4 Nc6 5. Nf3 Bb4+ 6. Bd2 a5 7. Bxb4 axb4 8.
O-O Nge7 9. Qd3 O-O 10. Nbd2 Na5 11. Bb5 c6 12. Ba4 b5 13. Bc2 Ba6 14. e5 Ng6
15. Rfd1 Nc4 16. Nxc4 bxc4 17. Qe4 Qd5 18. Qe3 Qd7 19. Nd2 Rad8 20. Ne4 Qe7 21.
Nd6 f6 22. Bxg6 hxg6 23. Qg3 g5 24. Rac1 Ra8 25. Qg4 g6 26. Nxc4 Bxc4 27. Rxc4
Rxa2 28. Rxc6 f5 29. Qe2 Rfa8 30. Rdc1 Ra1 31. Qc2 Rxc1+ 32. Qxc1 Qd7 33. Rc4
Ra4 34. Rc8+ Kh7 35. Rc7 Ra7 36. Rxd7+ Rxd7 37. Qd2 b3 38. h3 Rc7 39. Qxg5 Rc2
40. Qe7+ Kh6 41. Qa3 Rd2 42. Qxb3 Rxd4 43. Qe3+ 1-0

[Event "C.to Regionale Calabria"]
[Site "Catanzaro ITA"]
[Date "2006.06.04"]
[Round "6"]
[White "Valotta, Massimiliano"]
[Black "Blasco, Domenico"]
[Result "1/2-1/2"]
[WhiteElo "1868"]
[BlackElo "2008"]
[PlyCount "113"]
[EventDate "2006.06.02"]

1. e4 c5 2. Nf3 Nc6 3. d4 cxd4 4. Nxd4 e6 5. Be2 Nf6 6. f3 Bc5 7. Nb3 Bb4+ 8.
Bd2 Bxd2+ 9. Qxd2 O-O 10. Nc3 d5 11. exd5 exd5 12. O-O-O Be6 13. g4 Qe7 14. g5
Nd7 15. Rhe1 Nb6 16. Qe3 Rfd8 17. f4 Rac8 18. Bb5 Qb4 19. a3 Nc4 20. axb4 Nxe3
21. Rxe3 d4 22. Rxe6 fxe6 23. Bxc6 Rxc6 24. Nxd4 Rc4 25. Nxe6 Rxd1+ 26. Nxd1
Rxb4 27. c3 Re4 28. f5 g6 29. Nd4 gxf5 30. Nxf5 Re2 31. h4 Rh2 32. Nde3 Kf7 33.
Nd6+ Ke6 34. Nxb7 Rxh4 35. Nc5+ Ke5 36. Kd2 Rh5 37. Nd3+ Ke4 38. Nc5+ Kf3 39.
Nc2 Rxg5 40. Nd4+ Kg2 41. Ne4 Rg8 42. Ke3 h5 43. Nf5 a5 44. b3 Rb8 45. Nc5 Kh3
46. Kf4 Rb5 47. b4 axb4 48. cxb4 Rxb4+ 49. Ne4 Ra4 50. Kf3 Ra3+ 51. Ne3 Ra8 52.
Nf2+ Kh4 53. Kf4 Rf8+ 54. Nf5+ Rxf5+ 55. Kxf5 Kg3 56. Ne4+ Kh3 57. Kf4 1/2-1/2

[Event "II Open B"]
[Site "San Marino SMR"]
[Date "2006.06.07"]
[Round "3"]
[White "Xia, Jie"]
[Black "Wazeer Ahmad, Khan"]
[Result "1-0"]
[WhiteElo "2088"]
[BlackElo "2036"]
[PlyCount "90"]
[EventDate "2006.06.05"]

1. e4 d5 2. exd5 Nf6 3. Bb5+ Bd7 4. Be2 Nxd5 5. d4 e6 6. Nf3 c6 7. O-O Bd6 8.
c4 Nf4 9. Ne5 Nxe2+ 10. Qxe2 O-O 11. Nd2 Na6 12. Ne4 Be7 13. f4 Be8 14. Be3 f6
15. Nf3 Bf7 16. a3 Nc7 17. Rfd1 a5 18. b3 h6 19. Rd2 g5 20. fxg5 hxg5 21. Qf2
Bg6 22. Nc5 Rb8 23. h4 Qd6 24. hxg5 fxg5 25. Qe1 b6 26. Nd3 Bxd3 27. Rxd3 Rf5
28. Bf2 Rbf8 29. Bg3 Qd8 30. Bxc7 Qxc7 31. Qxe6+ Kg7 32. Ne5 Qd6 33. Qxd6 Bxd6
34. Nxc6 g4 35. Re1 Bxa3 36. Re6 R8f6 37. Rxf6 Kxf6 38. Ne5 Kg5 39. Nd7 Rf4 40.
c5 bxc5 41. dxc5 Re4 42. c6 Re8 43. Rd5+ Kf4 44. Nf6 Rc8 45. Rxa5 Bb2 1-0

[Event "II Open B"]
[Site "San Marino SMR"]
[Date "2006.06.07"]
[Round "4"]
[White "Garofalo, Sergio"]
[Black "Forno, Roberto"]
[Result "1-0"]
[WhiteElo "1875"]
[BlackElo "1999"]
[PlyCount "59"]
[EventDate "2006.06.05"]

1. d4 d5 2. Nf3 Nf6 3. Nbd2 e6 4. a3 Nbd7 5. b3 Bd6 6. Bb2 O-O 7. e3 c6 8. Ne5
Qc7 9. f4 Ne8 10. Bd3 Bxe5 11. fxe5 f6 12. O-O fxe5 13. Rxf8+ Nxf8 14. dxe5 Bd7
15. Qf3 Qd8 16. Rf1 Qe7 17. Qh3 g6 18. a4 c5 19. g4 Nc7 20. Qh6 b5 21. Nf3 c4
22. bxc4 bxc4 23. Be2 Bxa4 24. Ng5 Rb8 25. Ba3 Qg7 26. Qxg7+ Kxg7 27. Rf7+ Kh6
28. h4 Bxc2 29. Bxf8+ Rxf8 30. Rxh7# 1-0

[Event "II Open B"]
[Site "San Marino SMR"]
[Date "2006.06.07"]
[Round "4"]
[White "Tomio, Dante"]
[Black "Xia, Jie"]
[Result "0-1"]
[WhiteElo "1967"]
[BlackElo "2088"]
[PlyCount "80"]
[EventDate "2006.06.05"]

1. d4 Nf6 2. Nf3 d6 3. g3 g6 4. Bg2 Bg7 5. O-O O-O 6. c4 c6 7. Nc3 a6 8. a4 a5
9. e4 Nfd7 10. Be3 e5 11. dxe5 dxe5 12. Qd2 Qe7 13. Rfd1 Na6 14. Qd6 Qxd6 15.
Rxd6 Ndc5 16. h3 h6 17. Kh2 Be6 18. Bf1 Rfd8 19. Rad1 Rxd6 20. Rxd6 Bf8 21. Rd1
f6 22. Nh4 Kf7 23. g4 Nb4 24. Ng2 Nc2 25. Rd2 Nxe3 26. Nxe3 Nb3 27. Rd1 Bc5 28.
Kg2 Nd4 29. Bd3 Ra6 30. Rb1 Rb6 31. Kg3 Nb3 32. Nf1 Bd4 33. Kf3 Nc5 34. Bc2
Bxc4 35. Nd2 Be6 36. Ke2 Rb4 37. f3 Nb3 38. Nxb3 Bxb3 39. Bxb3+ Rxb3 40. Kd2
Bxc3+ 0-1

[Event "II Open B"]
[Site "San Marino SMR"]
[Date "2006.06.09"]
[Round "6"]
[White "De Vita, Igor"]
[Black "Xia, Jie"]
[Result "0-1"]
[WhiteElo "2074"]
[BlackElo "2088"]
[PlyCount "42"]
[EventDate "2006.06.05"]

1. d4 Nf6 2. c4 g6 3. Nc3 Bg7 4. e4 d6 5. Be2 O-O 6. Bg5 c6 7. Qd2 e5 8. d5 Qa5
9. h4 Nbd7 10. Rb1 cxd5 11. cxd5 b5 12. b4 Qb6 13. Be3 Qb8 14. g4 a6 15. h5 Nb6
16. f3 Ra7 17. Nh3 Rc7 18. Kf2 Nc4 19. Bxc4 Rxc4 20. Ng1 Bxg4 21. fxg4 Rxc3 0-1

[Event "II Open A"]
[Site "San Marino SMR"]
[Date "2006.06.05"]
[Round "1"]
[White "Agrifoglio, Fabio"]
[Black "Borbjerggaard, Lars"]
[Result "1/2-1/2"]
[WhiteElo "2005"]
[BlackElo "2375"]
[PlyCount "77"]
[EventDate "2006.06.05"]

1. d4 Nf6 2. c4 g6 3. Nc3 Bg7 4. e4 d6 5. Nf3 O-O 6. Be2 e5 7. O-O exd4 8. Nxd4
Re8 9. f3 Nc6 10. Be3 Nh5 11. Nxc6 bxc6 12. g4 Nf6 13. Qd2 Nd7 14. Bg5 Bf6 15.
Bxf6 Qxf6 16. g5 Qg7 17. f4 Rb8 18. Bf3 Ba6 19. b3 Rbd8 20. Rad1 Nf8 21. h4 h6
22. Rf2 hxg5 23. hxg5 Ne6 24. Rg2 c5 25. Nd5 Qd4+ 26. Qf2 Qxf2+ 27. Kxf2 Kg7
28. f5 gxf5 29. exf5 Nd4 30. f6+ Kg6 31. Ne7+ Rxe7 32. fxe7 Re8 33. Be4+ Kg7
34. Rh1 Rxe7 35. Bd3 Ne6 36. Rh7+ Kf8 37. Rh8+ Kg7 38. Rh7+ Kf8 39. Rh8+
1/2-1/2

[Event "II Open A"]
[Site "San Marino SMR"]
[Date "2006.06.05"]
[Round "1"]
[White "Bruno, Fabio"]
[Black "Ricci, Alfredo"]
[Result "1-0"]
[WhiteElo "2394"]
[BlackElo "2031"]
[PlyCount "37"]
[EventDate "2006.06.05"]

1. d4 Nf6 2. Nf3 e6 3. e3 d5 4. Nbd2 c5 5. c3 Nc6 6. Bd3 Qc7 7. O-O Be7 8. dxc5
Bxc5 9. Qe2 O-O 10. e4 Re8 11. e5 Nd7 12. Nb3 Bf8 13. Bxh7+ Kxh7 14. Ng5+ Kg6
15. Qd3+ f5 16. Qg3 f4 17. Bxf4 Kf5 18. Nf3 Bc5 19. Nh4+ 1-0

[Event "II Open A"]
[Site "San Marino SMR"]
[Date "2006.06.05"]
[Round "1"]
[White "Cocchi, Andrea"]
[Black "Jobava, Baadur"]
[Result "0-1"]
[WhiteElo "2333"]
[BlackElo "2646"]
[PlyCount "53"]
[EventDate "2006.06.05"]

1. Nf3 d5 2. d4 Nf6 3. c4 e6 4. cxd5 exd5 5. Nc3 Bb4 6. Bg5 O-O 7. e3 c5 8.
dxc5 Nbd7 9. Be2 Bxc3+ 10. bxc3 Nxc5 11. Bxf6 Qxf6 12. Qd4 Qe7 13. O-O Be6 14.
c4 Rfd8 15. cxd5 Bxd5 16. Qb4 b6 17. Rfd1 Rd6 18. Nd4 Qh4 19. f3 Rh6 20. h3 Rg6
21. e4 Qxh3 22. Bf1 Bxe4 23. Qa3 Bb7 24. Qe3 Qh6 25. Qe7 Qg5 26. Nf5 Bxf3 27.
Rd6 0-1

[Event "II Open A"]
[Site "San Marino SMR"]
[Date "2006.06.05"]
[Round "1"]
[White "Delchev, Aleksander"]
[Black "Skalski, Michal"]
[Result "1-0"]
[WhiteElo "2640"]
[BlackElo "2327"]
[PlyCount "87"]
[EventDate "2006.06.05"]

1. e4 c5 2. Nf3 g6 3. d4 Bg7 4. c3 cxd4 5. cxd4 d5 6. e5 Bg4 7. Bb5+ Nc6 8.
Bxc6+ bxc6 9. Nbd2 Nh6 10. h3 Bxf3 11. Nxf3 O-O 12. O-O f6 13. e6 Nf5 14. Bf4
Qb6 15. Rc1 Rac8 16. g4 Nd6 17. Bxd6 exd6 18. Qe2 Rce8 19. Rc3 Re7 20. Rfc1 Rc8
21. Rb3 Qa5 22. Ra3 Qb6 23. Rb3 Qa5 24. Ra3 Qb6 25. Kg2 Bh6 26. Rc2 Qd8 27. Qa6
Qe8 28. Rac3 Rec7 29. b4 Bf8 30. a4 Be7 31. a5 Kf8 32. Qf1 Rb8 33. Qc1 Rbc8 34.
h4 Kg8 35. g5 fxg5 36. hxg5 Bf8 37. Re2 Rb7 38. Nh2 h5 39. gxh6 Rxb4 40. Ng4
Be7 41. h7+ Kh8 42. Nh6 Kxh7 43. Rh3 Kg7 44. Nf5+ 1-0

[Event "II Open A"]
[Site "San Marino SMR"]
[Date "2006.06.05"]
[Round "1"]
[White "Iordachescu, Viorel"]
[Black "Hernandez, Alexander"]
[Result "1-0"]
[WhiteElo "2601"]
[BlackElo "2287"]
[PlyCount "65"]
[EventDate "2006.06.05"]

1. c4 Nf6 2. g3 e5 3. Bg2 d5 4. cxd5 Nxd5 5. Nc3 Nb6 6. Nf3 Nc6 7. Rb1 a5 8.
O-O Be7 9. d3 O-O 10. Be3 Re8 11. Rc1 Bf8 12. Bxb6 cxb6 13. Nd2 Be6 14. a3 Rc8
15. Nc4 f6 16. e3 Re7 17. Qe2 Rd7 18. Rfd1 Kh8 19. h4 Bc5 20. h5 Qg8 21. Na4
Bxc4 22. Rxc4 Rcd8 23. Nxc5 bxc5 24. Rxc5 a4 25. Qc2 Qe8 26. h6 Qg6 27. hxg7+
Kxg7 28. Bxc6 bxc6 29. Rxc6 Rxd3 30. Rc7+ Kh6 31. Rxd3 Qxd3 32. Qxa4 e4 33. Kg2
1-0

[Event "II Open A"]
[Site "San Marino SMR"]
[Date "2006.06.05"]
[Round "1"]
[White "Tiviakov, Sergei"]
[Black "Kaplan, Sasha"]
[Result "1-0"]
[WhiteElo "2669"]
[BlackElo "2341"]
[PlyCount "89"]
[EventDate "2006.06.05"]

1. e4 e5 2. Bc4 Nf6 3. d3 c6 4. Nf3 Be7 5. O-O d6 6. Bb3 O-O 7. c3 Re8 8. Re1
h6 9. Nbd2 Bf8 10. Nf1 Nbd7 11. Ng3 d5 12. Bc2 Qc7 13. h3 dxe4 14. dxe4 Nc5 15.
Nh2 Be6 16. Qf3 Nh7 17. Nf5 Kh8 18. Qg3 Rad8 19. Ng4 Bc4 20. Be3 Nd3 21. Reb1
h5 22. Nh2 g6 23. Nh4 Nf4 24. Kh1 Be7 25. N2f3 Bf6 26. Ng1 Qe7 27. Nhf3 h4 28.
Qh2 Qc7 29. Nd2 Bd3 30. Bxd3 Rxd3 31. Ngf3 Nh5 32. Qg1 Nf8 33. Qe1 Ne6 34. Nh2
Nef4 35. Ndf3 Red8 36. Ng4 Qd6 37. Qf1 Qe6 38. Ne1 R3d7 39. Bxa7 Bg7 40. Nf3 f5
41. exf5 gxf5 42. Ngxe5 Bxe5 43. Re1 Nd3 44. Nxe5 Nxe5 45. Qe2 1-0